003450000a22001330004500020001800000041000800018082002000026100002100046245006200067260003600129300001200165500002800177001000600205 a84-02-08333-10 aSPA04aG 895.13 B1115f1 aBa, Jin, (1905-)10aLa familia / Ba Jin ; María Teresa Guzmán, Traductor aBarcelona, España : Bruguera a384 Pag aTítulo original : Jia13253